Palmy a velké pokojové rostliny /

Hlavní autor: Manke, Elisabeth, 1949-
Jazyk: Čeština
Vydáno: Praha : Rebo Productions, 2003
Vydání: 1. vyd.
Edice: Zahrada plus
Témata:
Externí odkaz: Digitalizovaný dokument
Fyzický popis: 95 s. : il. ; 21 cm
Knihy
Uloženo v:
LEADER 01435nam a2200421 a 4500
001 000670492
003 CZ BrMZK
005 20100608131350.0
007 ta
008 030519s2003 xr a e f 000 0 cze d
015 |a cnb001194480 
020 |a 80-7234-248-7  |q (brož.) 
035 |a (OCoLC)53268558 
040 |a BOA001  |b cze 
041 1 |a cze  |h ger 
072 7 |a 635  |x Zahrádkářství  |2 Konspekt  |9 24 
080 |a 635.91  |2 MRF 
080 |a 635.9.018  |2 MRF 
080 |a 582.521.11  |2 MRF 
080 |a (035)  |2 MRF 
100 1 |a Manke, Elisabeth,  |d 1949-  |7 mzk2002160943  |4 aut 
245 1 0 |a Palmy a velké pokojové rostliny /  |c Elisabeth Manke 
250 |a 1. vyd. 
260 |a Praha :  |b Rebo Productions,  |c 2003 
300 |a 95 s. :  |b il. ;  |c 21 cm 
490 1 |a Zahrada plus 
500 |a Přeloženo z němčiny 
504 |a Obsahuje bibliografii a rejstřík 
650 0 7 |a palmy  |7 ph123914  |2 czenas 
650 0 7 |a pokojové rostliny  |7 ph124218  |2 czenas 
650 0 7 |a pěstování okrasných rostlin  |7 ph134962  |2 czenas 
655 7 |a příručky  |7 fd133209  |2 czenas 
765 0 |t Palmen und Zimmerbäume  |9 Česky 
830 0 |a Zahrada plus  |0 s 
856 4 1 |u http://www.digitalniknihovna.cz/mzk/uuid/uuid:290a11a0-65b1-11e4-8214-005056827e51  |y Digitalizovaný dokument  |x NDK 
910 |a BOA001  |b 2-1118.699 
990 |a BK 
996 6 |b 2610189114  |c 2-1118.699  |l MZK  |r Sklad / do 1 hodiny  |n 2  |p p.v.  |w 000670492  |u 000010  |a 1  |e BOA001  |j MZK50  |s P